Language Quiz

Random Language or Country Quiz

Portuguese Speaking Countries Quiz Stats

 Plays Quiz Updated Dec 26, 2019

Support Sporcle.
Go Orange.
Score 0/9 Timer 03:00
13 Plays Today
Population Country % Correct
10,676,910Portugal
99.4%
191,908,598Brazil
98.8%
12,531,357Angola
58.5%
21,284,701Mozambique
52.2%
426,998Cabo Verde
46.2%
206,178São Tomé and Príncipe
41.5%
757,014Equatorial Guinea
37.3%
1,503,182Guinea-Bissau
33.6%
1,108,777Timor-Leste
28.1%

You're not logged in!

Compare scores with friends on all Sporcle quizzes.
OR
Log In

From the Vault

Portuguese Speaking Countries

by Jam1

There are 9 countries where Portuguese is an official language. Can you name them?
Remove Ads.
Support Sporcle.
Get the best of Sporcle when you Go Orange. This ad-free experience offers more features, more stats, and more fun while also helping to support Sporcle. Thank you for becoming a member.

Show Comments

Extras

Top Quizzes Today


Score Distribution

Your Account Isn't Verified!

In order to create a playlist on Sporcle, you need to verify the email address you used during registration. Go to your Sporcle Settings to finish the process.

Report this User

Report this user for behavior that violates our Community Guidelines.

Details: